So who is really to blame? (Record no. 71480)
[ view plain ]
| 000 -LEADER | |
|---|---|
| fixed length control field | 00997cam a2200217 4500 |
| 001 - CONTROL NUMBER | |
| control field | WB3840-06 |
| 008 - FIXED-LENGTH DATA ELEMENTS--GENERAL INFORMATION | |
| fixed length control field | 021030n2002 000 0 eng u |
| 035 ## - SYSTEM CONTROL NUMBER | |
| System control number | (Sirsi) u120314 |
| 245 ## - TITLE STATEMENT | |
| Title | So who is really to blame? |
| 260 ## - PUBLICATION, DISTRIBUTION, ETC. | |
| Date of publication, distribution, etc. | 2002 |
| 490 ## - SERIES STATEMENT | |
| Series statement | Estates Gazette |
| Volume/sequential designation | (0243) 26 October 2002, 201(1) |
| 520 ## - SUMMARY, ETC. | |
| Summary, etc. | Examines House of Lords consideration of right to recover contributions for 'same damage' from multiple parties, in "Royal Brompton Hospital NHS Trust v Hammond (No 3)" [2002] UKHL 14; [2002] 1 WLR 1397. Argues that contributions require proof of liability for 'same damage', and that architects and contractors do not necessarily cause same damage. |
| 590 ## - LOCAL NOTE (RLIN) | |
| Local note | WB |
| 650 ## - SUBJECT ADDED ENTRY--TOPICAL TERM | |
| Topical term or geographic name entry element | CO-OPERATIVE RETAIL SERVICES LTD V TAYLOR YOUNG PARTNERSHIP |
| 650 ## - SUBJECT ADDED ENTRY--TOPICAL TERM | |
| Topical term or geographic name entry element | ROYAL BROMPTON HOSPITAL NHS TRUST V HAMMOND AND OTHERS |
| 650 ## - SUBJECT ADDED ENTRY--TOPICAL TERM | |
| Topical term or geographic name entry element | CIVIL LIABILITY (CONTRIBUTION) ACT 1978 |
| 650 ## - SUBJECT ADDED ENTRY--TOPICAL TERM | |
| Topical term or geographic name entry element | DAMAGES |
| 650 ## - SUBJECT ADDED ENTRY--TOPICAL TERM | |
| Topical term or geographic name entry element | LIQUIDATED DAMAGES |
| 690 ## - LOCAL SUBJECT ADDED ENTRY--TOPICAL TERM (OCLC, RLIN) | |
| Topical term or geographic name as entry element | Dispute resolution |
| 9 (RLIN) | 6236 |
| 942 ## - ADDED ENTRY ELEMENTS (KOHA) | |
| Suppress in OPAC | 0 |
| Withdrawn status | Lost status | Source of classification or shelving scheme | Damaged status | Not for loan | Home library | Current library | Shelving location | Date acquired | Total Checkouts | Full call number | Barcode | Date last seen | Copy number | Price effective from | Koha item type |
|---|---|---|---|---|---|---|---|---|---|---|---|---|---|---|---|
| Dewey Decimal Classification | London | London | News article | 30/10/2002 | WB3840-06 | 120314-1001 | 06/08/2019 | 1 | 06/08/2019 | News article |